Potentialtheorie linearer elliptischer Differentialgleichungen beliebiger Ordnung /

Guardado en:
Autor Principal: Wildenhain, Günther.
Formato: Libro
Idioma:German
Publicado: Berlin : Akademie-Verlag, 1968.
Series:Schriftenreihe der Institute für Mathematik bei der Deutschen Akademie der Wissenschaften zu Berlin. Reihe A: Reine Mathematik ; Heft 5
Etiquetas: Agregar Etiqueta
Sin Etiquetas, Sea el primero en etiquetar este registro!
LEADER 00868nam a22001935 4500
001 MAT.inmabb001872
008 750512s1968####gw#######b####001#0#ger#d
005 20170615122848.0
245 1 0 |a Potentialtheorie linearer elliptischer Differentialgleichungen beliebiger Ordnung /  |c Günther Wildenhain. 
260 |a Berlin :  |b Akademie-Verlag,  |c 1968. 
300 |a 78 p. ;  |c 24 cm. 
490 1 |a Schriftenreihe der Institute für Mathematik bei der Deutschen Akademie der Wissenschaften zu Berlin. Reihe A: Reine Mathematik ;  |v Heft 5 
504 |a Bibliografía: p. [76]-78. 
510 4 |a MR,  |c 48 #11762 
100 1 |a Wildenhain, Günther. 
810 |a Deutsche Akademie der Wissenschaften zu Berlin.  |t Schriftenreihe der Institute für Mathematik. Reihe A: Reine Mathematik ;  |v Heft 5. 
084 |a 35J40 (31C15)  |2 MR 
010 |a  77560299  
859 |h 35  |i W672  |p A-3358  |b BIB. MATEMATICA